000
00265nam a2200109Ia 4500
008
220204s9999 xx 000 0 und d
082
_a
82-3
_b
STE
100
_a
Stevenson, Robert Louis
245
0
_a
Treasure Island
260
_a
New York
_b
Airmont
_c
1962
942
_c
BK
999
_c
35526
_d
35526